ბათუმის შოთა რუსთაველის სახელმწიფო უნივერსიტეტის ბიბლიოთეკა

თეთრი სახლი (ბიბ.ჩანაწერი № 42816)

000 -LEADER
fixed length control field 00748nam a2200229Ia 4500
001 - CONTROL NUMBER
control field 9522
003 - CONTROL NUMBER IDENTIFIER
control field GE_BSU
008 - FIXED-LENGTH DATA ELEMENTS--GENERAL INFORMATION
fixed length control field 181216s||||||||xx |||||||||||||| ||und||
040 ## - CATALOGING SOURCE
Transcribing agency GE_BSU
080 ## - UNIVERSAL DECIMAL CLASSIFICATION NUMBER
Universal Decimal Classification number 82–93
100 ## - MAIN ENTRY--PERSONAL NAME
Personal name მიქელაძე,მარიკა
245 ## - TITLE STATEMENT
Title თეთრი სახლი
245 ## - TITLE STATEMENT
Remainder of title საბავშვო პოემები
245 ## - TITLE STATEMENT
Statement of responsibility, etc. რედ.ა.შენგელია.მხატვ:შ.ბერიტაშვილი
260 ## - PUBLICATION, DISTRIBUTION, ETC.
Place of publication, distribution, etc. თბილისი
260 ## - PUBLICATION, DISTRIBUTION, ETC.
Name of publisher, distributor, etc. საბლიტგამი
260 ## - PUBLICATION, DISTRIBUTION, ETC.
Date of publication, distribution, etc. 1974
300 ## - PHYSICAL DESCRIPTION
Extent 67გვ.ილ:20სმ
653 ## - INDEX TERM--UNCONTROLLED
Uncontrolled term თეთრი სახლი
653 ## - INDEX TERM--UNCONTROLLED
Uncontrolled term საბავშვო პოემები
942 ## - ADDED ENTRY ELEMENTS (KOHA)
Koha item type წიგნი
ეგზემპლარები
Withdrawn status Lost status Damaged status Not for loan Date acquired Barcode Date last seen Price effective from Koha item type
        2018-12-17 32442 2018-12-17 2018-12-17 წიგნი
        2018-12-17 32443 2018-12-17 2018-12-17 წიგნი
        2018-12-17 32444 2018-12-17 2018-12-17 წიგნი